000 00895nam a2200193Ii 4500
003 JO-AjNU
008 230605s9999||||xx |||||||||||||| ||und||
040 _aJO-AjNU
_bara
_erda
_cJO-AjNU
041 _aara
050 1 4 _aHF 5549 .5 2011
100 3 _aشكر،ليلى حسام الدين احمد,
_eauthor
_933902
245 0 0 _a اثر التقدم في تكنولوجيا المعلومات على الخصائص النوعية والكمية للموارد البشرية
264 3 1 _aالقاهرة: المنظمة العربية للتنمية الادارية؛2011
300 _a84ص
_bاصدار محكم صادر عن المجلة العربية للادارة،يحتوي على ببلوغرافية من ص74-84ص
336 _atext
_btxt
_2rdacontent
337 _aunmediated
_bn
_2rdamedia
338 _avolume
_bnc
_2rdacarrier
650 4 _aالموارد البشرية
_933903
999 _aA13845
_c17413
_d17413